Rare baby boy names that never made it to US top 1000 - Statistics

General Stats
  • This quiz has been taken 163 times
  • The average score is 3 of 150
Answer Stats
Hint Answer % Correct
A Archibald
25%
A Alastair
19%
B Bartholomew
11%
A Albus
10%
A Armin
10%
O Oswald
8%
R Remus
8%
Z Zeus
8%
A Achilles
7%
P Percival
7%
A Abner
6%
A Ambrose
6%
B Boris
6%
E Ebenezer
6%
H Hamish
6%
L Linus
6%
L Lucius
6%
A Angus
5%
C Clement
5%
H Humphrey
5%
N Norbert
5%
S Severus
5%
A Alaric
4%
B Barak
4%
B Bertram
4%
C Cyril
4%
D Dudley
4%
H Hercule
4%
J Jupiter
4%
L Lancelot
4%
N Neville
4%
P Perseus
4%
S Seymour
4%
A Amadeus
3%
A Amaury
3%
C Crispin
3%
F Ferdinand
3%
H Horatio
3%
I Ignatius
3%
L Lazarus
3%
L Leopold
3%
L Lysander
3%
M Mercury
3%
O Orville
3%
R Romulus
3%
S Saxon
3%
U Ulrich
3%
A Aloysius
2%
B Boone
2%
C Cormac
2%
C Cosmo
2%
C Cyprian
2%
D Dermot
2%
E Eamon
2%
E Evander
2%
E Evelyn
2%
G Griffith
2%
H Huckleberry
2%
L Leander
2%
L Leviticus
2%
L Llewellyn
2%
T Theon
2%
U Urban
2%
A Algernon
1%
B Balthazar
1%
B Basil
1%
B Boniface
1%
C Clancy
1%
E Elwood
1%
E Eustace
1%
F Fergal
1%
F Florian
1%
G Godfrey
1%
G Guthrie
1%
H Hamlet
1%
H Hansel
1%
I Icarus
1%
L Ludovic
1%
M Marius
1%
M Marmaduke
1%
M Meredith
1%
M Mortimer
1%
P Pascal
1%
P Peregrine
1%
P Pius
1%
R Ridley
1%
R Riordan
1%
R Roone
1%
S Selwyn
1%
S Sven
1%
T Tarquin
1%
V Valerian
1%
V Vivian
1%
W Warwick
1%
W Webster
1%
W Wulfric
1%
A Albion
0%
A Anatole
0%
A Arpad
0%
A Arsen
0%
A Auberon
0%
A Aziz
0%
B Baird
0%
B Bramwell
0%
C Caradoc
0%
C Casimir
0%
C Caspar
0%
C Cleon
0%
C Coltrane
0%
E Echabod
0%
E Emilian
0%
E Erasmus
0%
E Erastus
0%
G Geraint
0%
G Giles
0%
G Goliath
0%
H Halcyon
0%
I Idris
0%
I Ingmar
0%
I Isidore
0%
L Lemuel
0%
L Lorcan
0%
M Maynard
0%
M Mungo
0%
N Nicodemus
0%
O Osias
0%
P Philemon
0%
P Pontius
0%
P Prosper
0%
R Rafferty
0%
R Rasmus
0%
R Rosoe
0%
R Rourke
0%
R Rudyard
0%
S Selby
0%
S Septimus
0%
S Sigmund
0%
S Silvanus
0%
S Sinclaire
0%
T Theophilus
0%
T Thornton
0%
T Tolliver
0%
U Upton
0%
W Waldemar
0%
W Waldo
0%
Y Yale
0%
Y Yancy
0%
Y York
0%
Z Zenon
0%
Z Zoltan
0%
No matching quizzes found
Score Distribution
Percent of People with Each Score
Percentile by Number Answered
Your Score History
You have not taken this quiz